<?xml version="1.0" encoding="UTF-8"?>
<record
    xmlns:xsi="http://www.w3.org/2001/XMLSchema-instance"
    xsi:schemaLocation="http://www.loc.gov/MARC21/slim http://www.loc.gov/standards/marcxml/schema/MARC21slim.xsd"
    xmlns="http://www.loc.gov/MARC21/slim">

  <leader>00548nam a2200205 a 4500</leader>
  <controlfield tag="001">ASIN8171338283</controlfield>
  <controlfield tag="003">OSt</controlfield>
  <controlfield tag="005">20150408114142.0</controlfield>
  <controlfield tag="008">131001s2005    xxu                 eng d</controlfield>
  <datafield tag="020" ind1=" " ind2=" ">
    <subfield code="a">8171338283 (paperback)</subfield>
  </datafield>
  <datafield tag="020" ind1=" " ind2=" ">
    <subfield code="a">9788171338283 (paperback)</subfield>
  </datafield>
  <datafield tag="040" ind1=" " ind2=" ">
    <subfield code="a">Ma-Un</subfield>
  </datafield>
  <datafield tag="082" ind1=" " ind2=" ">
    <subfield code="2">22</subfield>
    <subfield code="a">539.7</subfield>
  </datafield>
  <datafield tag="100" ind1="1" ind2=" ">
    <subfield code="a">Srivastava, B.B.</subfield>
    <subfield code="9">37540</subfield>
  </datafield>
  <datafield tag="245" ind1="1" ind2="0">
    <subfield code="a">Nuclear physics /</subfield>
    <subfield code="c">B.B. Srivastava.</subfield>
  </datafield>
  <datafield tag="260" ind1=" " ind2=" ">
    <subfield code="a">New Delhi :</subfield>
    <subfield code="b">Rastogi Publications,</subfield>
    <subfield code="c">2005.</subfield>
  </datafield>
  <datafield tag="300" ind1=" " ind2=" ">
    <subfield code="a">500 p.</subfield>
    <subfield code="c">24 cm</subfield>
  </datafield>
  <datafield tag="650" ind1=" " ind2=" ">
    <subfield code="a">Nuclear physics</subfield>
  </datafield>
  <datafield tag="942" ind1=" " ind2=" ">
    <subfield code="2">ddc</subfield>
    <subfield code="c">BOOK</subfield>
  </datafield>
  <datafield tag="999" ind1=" " ind2=" ">
    <subfield code="c">31089</subfield>
    <subfield code="d">265589</subfield>
  </datafield>
  <datafield tag="952" ind1=" " ind2=" ">
    <subfield code="1">0</subfield>
    <subfield code="2">2013-10-08</subfield>
    <subfield code="4">0</subfield>
    <subfield code="7">0</subfield>
    <subfield code="a">539.7 SBN</subfield>
    <subfield code="c">n1</subfield>
    <subfield code="d">2013-10-08</subfield>
    <subfield code="h">CL</subfield>
    <subfield code="i">00451189</subfield>
    <subfield code="m">CL</subfield>
    <subfield code="r">2013-10-08 00:00:00</subfield>
    <subfield code="t">BOOK</subfield>
    <subfield code="w">ddc</subfield>
    <subfield code="y">0</subfield>
  </datafield>
  <datafield tag="952" ind1=" " ind2=" ">
    <subfield code="1">0</subfield>
    <subfield code="2">2013-10-08</subfield>
    <subfield code="4">0</subfield>
    <subfield code="7">0</subfield>
    <subfield code="a">539.7 SBN</subfield>
    <subfield code="c">n1</subfield>
    <subfield code="d">2013-10-08</subfield>
    <subfield code="h">SZM</subfield>
    <subfield code="i">00451191</subfield>
    <subfield code="m">SZM</subfield>
    <subfield code="r">2013-10-08 00:00:00</subfield>
    <subfield code="t">BOOK</subfield>
    <subfield code="w">ddc</subfield>
    <subfield code="y">0</subfield>
  </datafield>
  <datafield tag="952" ind1=" " ind2=" ">
    <subfield code="1">0</subfield>
    <subfield code="2">2013-10-08</subfield>
    <subfield code="4">0</subfield>
    <subfield code="7">0</subfield>
    <subfield code="a">539.7 SBN</subfield>
    <subfield code="c">n2</subfield>
    <subfield code="d">2013-10-08</subfield>
    <subfield code="h">CL</subfield>
    <subfield code="i">00451190</subfield>
    <subfield code="m">CL</subfield>
    <subfield code="r">2013-10-08 00:00:00</subfield>
    <subfield code="t">BOOK</subfield>
    <subfield code="w">ddc</subfield>
    <subfield code="y">0</subfield>
  </datafield>
  <datafield tag="952" ind1=" " ind2=" ">
    <subfield code="1">0</subfield>
    <subfield code="2">2013-10-08</subfield>
    <subfield code="4">0</subfield>
    <subfield code="7">0</subfield>
    <subfield code="a">539.7 SBN</subfield>
    <subfield code="c">n2</subfield>
    <subfield code="d">2013-10-08</subfield>
    <subfield code="h">CL</subfield>
    <subfield code="i">00451193</subfield>
    <subfield code="m">SZM</subfield>
    <subfield code="q">2025-01-21</subfield>
    <subfield code="r">2025-04-09 00:00:00</subfield>
    <subfield code="t">BOOK</subfield>
    <subfield code="w">ddc</subfield>
    <subfield code="y">2</subfield>
  </datafield>
  <datafield tag="952" ind1=" " ind2=" ">
    <subfield code="1">0</subfield>
    <subfield code="2">2013-10-08</subfield>
    <subfield code="4">0</subfield>
    <subfield code="7">1</subfield>
    <subfield code="a">539.7 SBN</subfield>
    <subfield code="c">n3</subfield>
    <subfield code="d">2013-10-08</subfield>
    <subfield code="h">CL</subfield>
    <subfield code="i">00451192</subfield>
    <subfield code="m">CL</subfield>
    <subfield code="r">2013-10-08 00:00:00</subfield>
    <subfield code="t">BOOK</subfield>
    <subfield code="w">ddc</subfield>
    <subfield code="y">0</subfield>
  </datafield>
  <datafield tag="952" ind1=" " ind2=" ">
    <subfield code="1">0</subfield>
    <subfield code="2">2013-10-08</subfield>
    <subfield code="4">0</subfield>
    <subfield code="7">1</subfield>
    <subfield code="a">539.7 SBN</subfield>
    <subfield code="c">n3</subfield>
    <subfield code="d">2013-10-08</subfield>
    <subfield code="h">SZM</subfield>
    <subfield code="i">00451188</subfield>
    <subfield code="m">SZM</subfield>
    <subfield code="r">2013-10-08 00:00:00</subfield>
    <subfield code="t">BOOK</subfield>
    <subfield code="w">ddc</subfield>
    <subfield code="y">0</subfield>
  </datafield>
</record>
